000 00688nam a2200181Ia 4500
005 20260429112043.0
008 260429s9999||||xx |||||||||||||| ||und||
020 _a9789391798956
041 _aHindi
082 _a004.678
_bCHA
100 _aचतुवेर्दी, जगदीश्वर
245 0 _aवर्चुअल रियलिटी, साइबर संस्कृति और इंटरनेट /
_cजगदीश्वर चतुवेर्दी
250 _a1st ed.
260 _aदिल्ली :
_bएकैडमिक पब्लिकेशन,
_c2022.
300 _a416 p.; Hb
650 _aInternet & Computer Networks
942 _cTB
999 _c52107
_d52107